Condiciones de preparación para la PAES de los estudiantes de educación media de el Salvador (Record no. 180403)

MARC details
000 -CABECERA
campo de control de longitud fija 02381nab a2200277 a 4500
005 - FECHA Y HORA DE LA ÚLTIMA TRANSACCIÓN
campo de control 20250908082027.0
008 - ELEMENTOS DE LONGITUD FIJA--INFORMACIÓN GENERAL
campo de control de longitud fija 991125c2015 sp fr p o 000 0 spa d
035 ## - NÚMERO DE CONTROL DEL SISTEMA
Número de control de sistema UPN01000208302
040 ## - FUENTE DE LA CATALOGACIÓN
Centro catalogador/agencia de origen MX-MxUPN
Lengua de catalogación spa
Centro/agencia transcriptor MX-MxUPN
Normas de descripción aacr2
049 ## - COLECCIÓN
Colección ART-E
100 1# - ASIENTO PRINCIPAL--NOMBRE PERSONAL
Nombre de persona Campos Morán, Saúl Enrique
100 1# - ASIENTO PRINCIPAL--NOMBRE PERSONAL
Filiación saul.campos@utec.edu.sv
100 1# - ASIENTO PRINCIPAL--NOMBRE PERSONAL
Nombre de persona Navarrete Gálvez, Paola María
245 10 - MENCIÓN DE TÍTULO
Título Condiciones de preparación para la PAES de los estudiantes de educación media de el Salvador
506 0# - NOTA DE RESTRICCIONES AL ACCESO
Limitaciones de acceso Acceso abierto
520 3# - NOTA DE RESUMEN, ETC.
Sumario, etc. El objetivo de la investigación fue determinar los factores incidentes en la obtención de buenos resultados de la prueba de Aprendizaje y Aptitudes para Egresados de Educación Media (PAES), la cual tiene como propósito medir el rendimiento académico de los estudiantes que egresan de educación media, a fin de diagnosticar sus competencias obtenidas y permitir al Estado generar estrategias de mejora de la educación . Los participantes del estudio fueron jóvenes del sexo masculino y femenino, entre 16 y 21 años de edad, que realizaron la PAES, provenientes del sector público y privado, tanto urbano como rural, ya sea que hubieran estudiado bachillerato general o técnico, con notas en la prueba entre 0.3 y 10.0. La muestra estuvo conformada por 1,291 participantes, estratificada entre los catorce departamentos de la República de El Salvador. Algunos de los resultados indican que, tanto para estudiantes de centros públicos como privados, existe un impacto positivo de recibir preparación para la PAES fuera de su institución, así como también, la preparación académica de los padres donde, a mayor preparación de estos, los alumnos obtienen mejores notas, aunque se han detectado casos aislados en los que se da lo contrario. La seguridad es un elemento que genera preocupación y que tiene incidencia en el rendimiento en la prueba, principalmente entre los estudiantes de centros públicos.
650 #4 - ASIENTO SECUNDARIO DE MATERIA - TERMINO TEMATICO
Término de materia o nombre geográfico como elemento de entrada Rendimiento académico
9 (RLIN) 3961
650 #7 - ASIENTO SECUNDARIO DE MATERIA - TERMINO TEMATICO
Término de materia o nombre geográfico como elemento de entrada Educación media superior
9 (RLIN) 2253
650 #7 - ASIENTO SECUNDARIO DE MATERIA - TERMINO TEMATICO
Término de materia o nombre geográfico como elemento de entrada Estrategias educativas
9 (RLIN) 1510
653 0# - TERMINO DE INDIZACION - NO CONTROLADO
Término no controlado Pruebas estandarizadas
773 ## - ENLACE AL DOCUMENTO FUENTE/ENTRADA DE REGISTRO ANFITRIÓN
Parte(s) relacionada(s) Vol. 17, no. 1 (2015), p. 78-104
Título Aula de encuentro
Número Internacional Normalizado para Publicaciones Seriadas 2341-4847
856 4# - LOCALIZACIÓN Y ACCESO ELECTRÓNICOS
Identificador Uniforme del Recurso <a href="https://revistaselectronicas.ujaen.es/index.php/ADE/article/view/2257">https://revistaselectronicas.ujaen.es/index.php/ADE/article/view/2257</a>
902 ## - ELEMENTOS DE DATOS B LOCAL, LDB (RLIN)
Creó Gloria Jiménez/080925
905 ## - TIPO DE MATERIAL
Tipo de material Articulo
942 ## - ELEMENTOS DE PUNTO DE ACCESO ADICIONAL (KOHA)
Tipo de ítem Koha Artículo Electrónico
Holdings
Estado de retiro Estado de pérdida Estado dañado No para préstamo Código de colección Localización permanente Ubicación/localización actual Ubicación en estantería Fecha de adquisición Total de préstamos Fecha visto por última vez Identificador Uniforme del Recurso Precio válido a partir de Tipo de ítem Koha
        Acceso abierto Bib. Gregorio Torres Quintero Bib. Gregorio Torres Quintero En línea 08/09/2025   08/09/2025 https://revistaselectronicas.ujaen.es/index.php/ADE/article/view/2257 08/09/2025 Artículo Electrónico